Problematika zásob aplikovaná na konkrétnych príkladoch

Enregistré dans:
Détails bibliographiques
Auteur principal: Kordošová, Alena, 1970-
Format: Chapitre de livre
Langue:slovaque
Sujets:
Tags: Ajouter un tag
Pas de tags, Soyez le premier à ajouter un tag!

MARC

LEADER 00000naa$a2200000$$$4500
001 0051192
005 20240502071608.9
041 0 |a slo 
044 |a SK 
245 1 0 |a Problematika zásob aplikovaná na konkrétnych príkladoch  |c Alena Kordošová 
610 2 0 |a účtovníctvo 
610 2 0 |a organizácie rozpočtové 
610 2 0 |a účtovanie 
610 2 0 |a účty 
610 2 0 |a materiál 
610 2 0 |a zásoby 
610 2 0 |a predaj 
610 2 0 |a obstarávanie 
100 1 |a Kordošová, Alena, 1970-